00237nam a2200073Ia 4500008004100000082001500041245009000056300001700146230907s9999||||xx |||||||||||||| ||und|| a333.79,INT 0aInternational congress on energy efficiency and energy related materials (ENEFM2013). axxvi, 782p.: